Los nuevos tribunales de familia: procedimiento ordinario
Sparad:
| Huvudupphovsmän: | , |
|---|---|
| Materialtyp: | Bok |
| Språk: | spanska |
| Publicerad: |
Santiago
LexisNexis
2005
|
| Upplaga: | 1a. ed |
| Ämnen: | |
| Taggar: |
Lägg till en tagg
Inga taggar, Lägg till första taggen!
|
MARC
| LEADER | 00000nam a2200000 a 4500 | ||
|---|---|---|---|
| 001 | UCK4399 | ||
| 003 | CL-VaPUC | ||
| 008 | 050603e20050000CL |||||||||||||||||spa|d | ||
| 020 | |a 9562385302 | ||
| 082 | 0 | 4 | |a 346.83015 |b BAE |2 21 |
| 100 | 0 | |a Baeza Concha, Gloria |e author |9 492919 | |
| 700 | 0 | |a Pérez Cabrera, Jaime |e author |9 492920 | |
| 245 | 1 | 4 | |a Los nuevos tribunales de familia: procedimiento ordinario |
| 250 | |a 1a. ed | ||
| 300 | |a 236 p | ||
| 942 | |c BK | ||
| 945 | |d 20050603 00:00:00 |a jcarroza | ||
| 260 | |a Santiago |b LexisNexis |c 2005 | ||
| 600 | 0 | 7 | |a LEY 19.968 |2 CL-VaPUC |9 492909 |
| 650 | 0 | |a Derecho de familia |9 255603 | |
| 650 | 7 | |a TRIBUNALES DE FAMILIA |2 CL-VaPUC |9 492921 | |
| 650 | 7 | |a PROCEDIMIENTO ORDINARIO |2 CL-VaPUC |9 400501 | |
| 651 | 7 | |a CHILE |2 CL-VaPUC |9 492922 | |
| 583 | |a last modification |c 20130328 13:31:51 |k Rodrigo Vera | ||
| 999 | |c 313277 |d 313275 | ||
| 952 | |0 0 |1 0 |4 0 |6 346_830150000000000_BAE_2005 |7 0 |8 A |9 384520 |a BIBDER |b BIBDER |d 2019-11-22 |i 4158148 |o 346.83015 BAE 2005 |p 4158148 |r 2023-01-25 |w 2019-11-22 |y BK |k DER | ||
| 952 | |0 0 |1 0 |4 0 |6 346_830150000000000_BAE_2005 |7 0 |8 A |9 384521 |a BIBDER |b BIBDER |d 2019-11-22 |i 4158156 |o 346.83015 BAE 2005 |p 4158156 |r 2023-01-25 |w 2019-11-22 |y BK |k DER | ||
| 952 | |0 0 |1 0 |4 0 |6 346_830150000000000_BAE_2005 |7 0 |8 A |9 384522 |a BIBDER |b BIBDER |d 2019-11-22 |i 4485289 |o 346.83015 BAE 2005 |p 4485289 |r 2023-01-25 |w 2019-11-22 |y BK |k DER | ||
| 952 | |0 0 |1 0 |4 0 |6 346_830150000000000_BAE_2005 |7 0 |8 A |9 384523 |a BIBDER |b BIBDER |d 2019-11-22 |i 4485297 |o 346.83015 BAE 2005 |p 4485297 |r 2023-01-25 |w 2019-11-22 |y BK |k DER | ||
| 952 | |0 0 |1 0 |4 0 |6 346_830150000000000_BAE_2005 |7 0 |8 A |9 384524 |a BIBDER |b BIBDER |d 2019-11-22 |i 4485300 |o 346.83015 BAE 2005 |p 4485300 |r 2023-01-25 |w 2019-11-22 |y BK |k DER | ||